| 000 | 00712caa a22001572a 4500 | ||
|---|---|---|---|
| 001 | 016934 | ||
| 003 | AR-FADEU | ||
| 008 | 311216n########xxu####################dd | ||
| 092 |
_a330 _bC749 |
||
| 100 | _aCuello, Raúl E., coor. | ||
| 245 | _aLa reforma del estado y el orden meritocrático | ||
| 300 | _aPP. 149-168 | ||
| 500 | _aEn: Los desafíos del nuevo escenario económico internacional / Congreso de Economía. Buenos Aires : Consejo Profesional de Ciencias Económicas, 2001 | ||
| 942 | _cBDGR | ||
| 999 |
_c22686 _d22686 |
||
| 773 | 0 |
_022675 _922533 _aCongreso de Economía (5º : 2001 may. 8-10 : Buenos Aires) _b _dBuenos Aires _o625 _tLos desafíos del nuevo escenario económico internacional _w( AR-FADEU) 016923 _x _z950-9497-51-7 |
|